Central Library OPAC University of Rajshahi

Farming technique from prehistoric to modern times / (Record no. 15326)

MARC details
000 -LEADER
fixed length control field 00871cam a22002651a 4500
001 - CONTROL NUMBER
control field 15326
003 - CONTROL NUMBER IDENTIFIER
rucl marc code BD-RjUL
005 - DATE AND TIME OF LATEST TRANSACTION
control field 20211208235807.0
008 - FIXED-LENGTH DATA ELEMENTS--GENERAL INFORMATION
fixed length control field 140209r19661965enka b 001 0 eng
035 ## - SYSTEM CONTROL NUMBER
System control number (BD-RjUL)15380
040 ## - CATALOGING SOURCE
Original cataloging agency DLC
Transcribing agency O
Modifying agency BD-RjUL
-- BD-RjUL
-- Uk
-- DLC
Language of cataloging eng
041 ## - LANGUAGE CODE
Language code of text/sound track or separate title eng
082 ## - DEWEY DECIMAL CLASSIFICATION NUMBER
Classification number 630.9
Author mark and year FUF 1966
100 1# - MAIN ENTRY--PERSONAL NAME
Personal name Fussell, G. E.
Fuller form of name (George Edwin),
Dates associated with a name 1889-
9 (RLIN) 47634
245 10 - TITLE STATEMENT
Title Farming technique from prehistoric to modern times /
Statement of responsibility, etc. by G.E. Fussell.
250 ## - EDITION STATEMENT
Edition statement 1st ed.
260 ## - PUBLICATION, DISTRIBUTION, ETC. (IMPRINT)
Place of publication, distribution, etc. Oxford ;
-- New York :
Name of publisher, distributor, etc. Pergamon Press,
Date of publication, distribution, etc. 1966, c1965.
300 ## - PHYSICAL DESCRIPTION
Pagination xii, 269 p. :
Illustrations ill. ;
Size 20 cm.
490 0# - SERIES STATEMENT
Series statement The Commonwealth and International Library, Agriculture and Forestry Division
504 ## - BIBLIOGRAPHY, ETC. NOTE
Bibliography, etc Includes bibliography and index.
650 #0 - SUBJECT ADDED ENTRY--TOPICAL TERM
Topical term or geographic name as entry element Agriculture
General subdivision History.
9 (RLIN) 47635
942 ## - ADDED ENTRY ELEMENTS (KOHA)
Source of classification or shelving scheme Dewey Decimal Classification
Koha item type Books
Holdings
Lost status Source of classification or shelving scheme Damaged status Not for loan Collection code Permanent Location Current Location Shelving location Date acquired Source of acquisition Cost, normal purchase price Total Checkouts Full call number Date last seen Copy number Koha item type
  Dewey Decimal Classification   Not For Loan Non-fiction Central Library, University of Rajshahi Central Library, University of Rajshahi Reading Room 28/08/1968 Zeitlinger 40.00   630.9 FUF 1966 09/02/2014 C-1 Books